| 000 | 00593nam a2200169 a 4500 | ||
|---|---|---|---|
| 001 | 000035474 | ||
| 005 | 20200930074353.0 | ||
| 008 | 111101s1923 xxu 000 0 spa d | ||
| 020 | _a096292023 | ||
| 040 |
_aDO-SdBNP _bspa _cBNPHU |
||
| 082 |
_axxxx _bxxxx |
||
| 100 | 1 |
_aAndrews, Andy _961340 |
|
| 245 | 1 | 0 |
_aTormentas de perfección : _ben las propias palabras de los triunfadores / _cAndy Andrews ; traducido por Luis Bernal Lumpuy ; editor Robert D. Smith. |
| 250 | _a5a. ed. | ||
| 260 |
_aEstados Unidos : _bLightming Crown Publishers., _c1923. |
||
| 300 |
_a168 p. : _bil., retrs. ; _c26 cm. |
||
| 999 |
_c34965 _d34965 |
||